Awards for commonwealth university academic staff 1981--1983 (Record no. 211839)

MARC details
000 -LEADER
fixed length control field 00665nam a2200229Ia 4500
003 - CONTROL NUMBER IDENTIFIER
control field OSt
005 - DATE AND TIME OF LATEST TRANSACTION
control field 20220918200300.0
008 - FIXED-LENGTH DATA ELEMENTS--GENERAL INFORMATION
fixed length control field 220917b |||||||| |||| 00| 0 eng d
037 ## - SOURCE OF ACQUISITION
Terms of availability Textual
040 ## - CATALOGING SOURCE
Original cataloging agency ARTS
Transcribing agency ARTS
Language of cataloging eng
041 ## - LANGUAGE CODE
Source of code eng
Language code of text/sound track or separate title eng
245 #0 - TITLE STATEMENT
Title Awards for commonwealth university academic staff 1981--1983
260 ## - PUBLICATION, DISTRIBUTION, ETC.
Place of publication, distribution, etc. London
Name of publisher, distributor, etc. Association of commonwealth universities
Date of publication, distribution, etc. 1980
300 ## - PHYSICAL DESCRIPTION
Extent 210p.
Dimensions cm.
650 ## - SUBJECT ADDED ENTRY--TOPICAL TERM
Topical term or geographic name entry element HIGHER EDUCATION
942 ## - ADDED ENTRY ELEMENTS (KOHA)
Classification part T4-9(Y4):894:1N48.N83, M0
Koha item type Textual
Source of classification or shelving scheme Colon Classification (CC)
Holdings
Withdrawn status Lost status Damaged status Not for loan Home library Current library Date acquired Total Checkouts Full call number Barcode Date last seen Price effective from Koha item type
        Arts Library Arts Library 2022-09-18   T4-9(Y4):894:1N48.N83 M0 AL0736029 2022-09-18 2022-09-18 Textual
Copyright @ Delhi University Library System